LEADER 01098nam a2200265 a 4500 001 000000132545 003 CaOOAMICUS 005 20130205092632.0 008 130205s2011 it 000 u ita r 020 $a978-88-7180-915-1 040 $aPUL$bita 100 1 $aGherardini, Brunero,$csac.,$d1925-2017.$0(OLS)http://pul/name/4228 245 10$aConcilio Vaticano II :$bil discorso mancato /$cBrunero Gherardini. 260 $aTorino :$bLindau,$c©2011. 300 $a110 p. ;$c21 cm. 490 1 $aI Pellicani 611 24$aConcilium Vaticanum$n(2 :$d1962-1965)$xCritica e interpretazione.$0(OLS)http://pul/subject/2088 830 2$aI Pellicani (Lindau).$0(OLS)http://pul/title/136966 850 $aPUL 852 $aPUL$W1$xFondo C.V.II$y119$mSTO GEN 7$j152520$qFondi$B151879$CPULBib$Z2$F151879 $HCVII 13 $82 941 1 $a1 996 $6020$a978-88-7180-915-1$9(OLS)http://pul/number/151704 996 $6245$aConcilio Vaticano II :$bil discorso mancato$9(OLS)http://pul/title/167470 996 $6260$aTorino :$bLindau$9(OLS)http://pul/publisher/70945 LEADER 01272nam a2200301 a 4500 001 000000174748 003 CaOOAMICUS 005 20210908143106.0 008 210908s2017 it a u000 u ita r 020 $z978-88-917-5194-2* 032 $aLibriCat 040 $aPUL$bita 100 1 $aVitale, Aldo Rocco.$0(OLS)http://pul/name/112320 245 12$aL'eutanasia come problema biogiuridico / $cAldo Rocco Vitale. 260 $aMilano :$bFrancoAngeli,$c©2017. 300 $a212 p. ;$b$c23 cm 490 1 $aCollana di diritto e societą ;$v320.71 504 $aBibliografia in nota. 650 4$aEutanasia$xAspetti sociali.$0(OLS)http://pul/subject/26711 650 4$aEutanasia$xAspetti giuridici.$0(OLS)http://pul/subject/33668 830 0$aCollana di diritto e societą ;$v320.71.$0(OLS)http://pul/title/184409 850 $aPUL 852 $aPUL$W1$xSL Diritto e Scienze Sociali 3$y79$m344. 4504 VITAL 1$j199052$qDDC 21$B203697$CPULBib$Z2$F203697 $H135200 $82 941 1 $a9 996 $6020$z978-88-917-5194-2*$9(OLS)http://pul/number/168344 996 $6245$aL'eutanasia come problema biogiuridico / $9(OLS)http://pul/title/216079 996 $6260$aMilano :$bFrancoAngeli$9(OLS)http://pul/publisher/66898